000 01307nam a2200349 i 4500
001 000017720
003 DO-SdBNP
005 20240410073845.0
006 a||||gr|||| 00| 0
007 ta
008 100330e1980 dr ac 001 0dspa d
040 _aDO-SdBNP
_bspa
_cBNPHU
_erda
082 4 _a923.27293
_bD812V
_222
100 1 _aVásquez, Pedro R.
_924880
_eautor
245 1 0 _aDuarte :
_bapóstol y libertador /
_cPedro R. Vásquez.
264 _aSanto Domingo :
_bHODENIDO,
_c1980.
300 _a286 páginas :
_bilustraciones, retratos ;
_c22 cm.
336 _2rdacontent
_atexto
_btxt
337 _2rdamedia
_asin mediación
_bn
338 _2rdacarrier
_avolumen
_bnc
500 _aIncluye referencias bibliográficas y notas al pie de páginas.
500 _aIncluye datos biográficos del autor en la contracubierta.
500 _aPortada original para esta edición.
504 _aBibliografía : páginas 285-286
590 _aInventariado 2023 / MF
600 1 0 _aDuarte, Juan Pablo,
_d1813-1876
_91494
651 0 _aRepública Dominicana --
_xHistoria --
_y1844-1930
_91009
651 4 _aRepública Dominicana
_xHistoria
_yOcupación Hitiana, 1822-1844
_97666
710 2 _aHogar del Niño Dominicano (HEDONIDO)
_984716
910 _aValidado. Control de calidad EMS
942 _2ddc
_cLBS1
999 _c17245
_d17245